00624nam a22002177a 450000500170000001000130001702000220003003500130005203700160006504000120008108200150009310000180010824500870012626000340021327000380024730000200028550000200030565000230032565000410034870000170038920170124105922.0 aA-702236 c00.00a8170187605 aA-702236 bCen Lib/Ret aDPLbEN a305.8bRIZ aRizvi, S.H.M. aIn search of roots :cby S.H.M. Rizvi [and] Shibani Royba study of ethnogenesis / aDelhibB.R. publishing c1994 bDelhia29/9, Nagnia park e110007 a621p.c21cm(Hb) aIncludes index  aEthnology -- India aIndia -- Ethnic relations -- History aRoy, Shibani